Religion, culture and society: a global approach
Saved in:
| Main Author: | |
|---|---|
| Format: | Book |
| Language: | English |
| Published: |
Sage Publications
2014. -
|
| Tags: |
Add Tag
No Tags, Be the first to tag this record!
|
MARC
| LEADER | 00000nam a22000007a 4500 | ||
|---|---|---|---|
| 008 | 210420b ||||| |||| 00| 0 eng d | ||
| 020 | |a ISBN: 978-1-4462-0291-3 | ||
| 100 | |a SINGLETON, Andrew. | ||
| 245 | |a Religion, culture and society: |b a global approach |c Andrew Singleton | ||
| 260 | |b Sage Publications |c 2014. - |h Los Angeles: |i 692218 |i , 692219 |l BL60 .Si6 | ||
| 500 | |a “It includes references and index”. | ||
| 942 | |a lcc |c BK |e j o ifatola |f 20/ 04/ 2021 | ||
| 952 | |0 0 |1 0 |2 lcc |4 0 |6 BL0060 S I6 |7 0 |9 2267 |a HOL |b HOL |c AF |d 2021-04-20 |l 0 |o BL60 .Si6 |p 2021-6121 |r 2021-04-20 00:00:00 |w 2021-04-20 |y BK | ||
| 952 | |0 0 |1 0 |2 lcc |4 0 |6 BL0060 S I6 |7 0 |9 2268 |a HOL |b ART |c AF |d 2021-04-20 |l 0 |o BL60 .Si6 |p 2021-6122 |r 2021-04-20 00:00:00 |w 2021-04-20 |y BK | ||
| 999 | |c 1166 |d 1166 | ||